000 01163nam a2200193 a 4500
001 000048073
005 20201002060912.0
008 181113s2016 dr a 000 0 spa d
020 _a9789945600094
040 _aDO-SdBNP
_bspa
_cBNPHU
082 _axxxx
_bP445c
100 1 _aCruz Matos, Solange de la
_935193
245 1 3 _aEl periodismo ciudadano y su ejercicio en la defensa de los derechos ciudadanos de personas afectadas por la sentencia 168-13 en la República Dominicana /
_cSolange de la Cruz Matos ; revisada por Wooldy Edson Louidor.
246 0 3 _aEl periodismo ciudadano y la sentencia 168-13 en la República Dominicana.
260 _aSanto Domingo :
_bEspacio de Comunicación Insular (ESPACINSULAR)
_bSantuario,
_c2016.
300 _a98 p. :
_bil. ;
_c23 cm.
505 0 _aLa sentencia 168-13 y la reacción ciudadana --
_tComunicación y ciudadanía --
_tEl periodismo ciudadadano bajo la lupa --
_tEl periodismo ciudadadano visto por usuarias y usuarios de redes sociales y blogs --
_tLa sentencia 168-13 y el periodismo ciudadano --
_tLa sentencia 168-13 y el periodismo ciudadano y la ley 169-14 --
_tBibliografía.
590 _aInventariado, 2018/LP
999 _c47561
_d47561